<?xml version="1.0" encoding="UTF-8"?>
<record
    xmlns:xsi="http://www.w3.org/2001/XMLSchema-instance"
    xsi:schemaLocation="http://www.loc.gov/MARC21/slim http://www.loc.gov/standards/marcxml/schema/MARC21slim.xsd"
    xmlns="http://www.loc.gov/MARC21/slim">

  <leader>00688nam a2200241Ia 4500</leader>
  <controlfield tag="001">8956</controlfield>
  <controlfield tag="005">20240113234143.0</controlfield>
  <controlfield tag="007">ta</controlfield>
  <controlfield tag="008">050723s1966       a   g     b000 u eng u</controlfield>
  <datafield tag="040" ind1=" " ind2=" ">
    <subfield code="a">Cotton College Assam</subfield>
  </datafield>
  <datafield tag="041" ind1=" " ind2=" ">
    <subfield code="a">eng</subfield>
  </datafield>
  <datafield tag="082" ind1=" " ind2=" ">
    <subfield code="a">820.9</subfield>
    <subfield code="b">Iy 9 In</subfield>
  </datafield>
  <datafield tag="100" ind1=" " ind2=" ">
    <subfield code="a">Iyengar, K.R.Srinivasa.</subfield>
  </datafield>
  <datafield tag="245" ind1=" " ind2="0">
    <subfield code="a">Introduction to the Study of English Literature /</subfield>
    <subfield code="c">K.R.Srinivasa Iyengar &amp; Prema Nandakumar.</subfield>
    <subfield code="h">Textual Documents</subfield>
  </datafield>
  <datafield tag="250" ind1=" " ind2=" ">
    <subfield code="a">1st ed /</subfield>
  </datafield>
  <datafield tag="260" ind1=" " ind2=" ">
    <subfield code="a">New Delhi :</subfield>
    <subfield code="b">Sterling publishers ,</subfield>
    <subfield code="c">1966.</subfield>
  </datafield>
  <datafield tag="300" ind1=" " ind2=" ">
    <subfield code="a">283p. :</subfield>
    <subfield code="b">ill. ;</subfield>
    <subfield code="c">21cm. .</subfield>
  </datafield>
  <datafield tag="504" ind1=" " ind2=" ">
    <subfield code="a">Index</subfield>
  </datafield>
  <datafield tag="653" ind1=" " ind2=" ">
    <subfield code="a">EnglishLiterature</subfield>
  </datafield>
  <datafield tag="942" ind1=" " ind2=" ">
    <subfield code="2">ddc</subfield>
    <subfield code="c">BK</subfield>
  </datafield>
  <datafield tag="952" ind1=" " ind2=" ">
    <subfield code="0">0</subfield>
    <subfield code="1">0</subfield>
    <subfield code="4">0</subfield>
    <subfield code="7">0</subfield>
    <subfield code="8">Circulation(MS)</subfield>
    <subfield code="a">SKBL</subfield>
    <subfield code="b">SKBL</subfield>
    <subfield code="d">2012-02-01</subfield>
    <subfield code="f">00000</subfield>
    <subfield code="l">0</subfield>
    <subfield code="o">820.9 Iy 9 In</subfield>
    <subfield code="p">005/Eng</subfield>
    <subfield code="r">2024-01-13 00:00:00</subfield>
    <subfield code="t">1</subfield>
    <subfield code="w">2012-02-01</subfield>
    <subfield code="y">BK</subfield>
  </datafield>
  <datafield tag="999" ind1=" " ind2=" ">
    <subfield code="c">8943</subfield>
    <subfield code="d">8943</subfield>
  </datafield>
</record>
